[Event "Arco op 45th"]
[Site "Arco"]
[Date "2023.10.10"]
[Round "4"]
[White "Mazza, Maurizio"]
[Black "Pedrazzi, Paolo"]
[Result "0-1"]
[WhiteElo "1528"]
[BlackElo "1418"]
[PlyCount "84"]
[EventDate "2023.10.07"]
[EventType "swiss"]
[EventRounds "9"]
[EventCountry "ITA"]
[SourceTitle "Mega2024 Update 01"]
[Source "Chessbase"]
[SourceDate "2023.11.12"]
[SourceVersion "1"]
[SourceVersionDate "2023.11.12"]
[SourceQuality "1"]

1. e4 c5 2. c3 e6 3. d4 cxd4 4. cxd4 Nf6 5. Nc3 Be7 6. e5 Ng8 7. Nf3 d5 8. Bd3 a6 9. 0-0 Bd7 10. a4 Nc6 11. Bd2 Qb6 12. Ne2 Bb4 13. Qb3 a5 14. Be3 Nge7 15. Ng5 h6 16. Nf3 Qd8 17. Ng3 g6 18. Bc2 Nc8 19. h4 Qb6 20. Qd3 Be7 21. h5 Nb4 22. Qd1 Nxc2 23. Qxc2 g5 24. Nh2 Na7 25. Ng4 Nc6 26. Rfd1 0-0-0 27. Rd3 Kb8 28. Rb3 Qa7 29. Ne2 Rc8 30. Nc3 Nxd4 31. Qd3 Bc5 32. Bxd4 Bxd4 33. Nb5 Bxb5 34. axb5 Rc7 35. Rba3 Bb6 36. b4 Rhc8 37. bxa5 Rc1+ 38. Kh2 Rxa1 39. Rxa1 Bxa5 40. Nxh6 b6 41. Ng4 Qc7 42. Nf6 Qxe5+ 0-1

[Event "Arco op 45th"]
[Site "Arco"]
[Date "2023.10.09"]
[Round "3"]
[White "Pedrazzi, Paolo"]
[Black "Donadi, Luca"]
[Result "0-1"]
[WhiteElo "1418"]
[BlackElo "1628"]
[PlyCount "120"]
[EventDate "2023.10.07"]
[EventType "swiss"]
[EventRounds "9"]
[EventCountry "ITA"]
[SourceTitle "Mega2024 Update 01"]
[Source "Chessbase"]
[SourceDate "2023.11.12"]
[SourceVersion "1"]
[SourceVersionDate "2023.11.12"]
[SourceQuality "1"]

1. c4 e5 2. Nc3 Nf6 3. d3 d5 4. cxd5 Nxd5 5. Nf3 Nc6 6. h3 Be7 7. g3 Be6 8. Bg2 0-0 9. Nxd5 Bxd5 10. 0-0 Bc5 11. a3 f6 12. b4 Bb6 13. Bb2 Qd7 14. Kh2 Rad8 15. Qc2 Qf7 16. Nd2 Rfe8 17. Bxd5 Qxd5 18. Qb3 Bd4 19. Qxd5+ Rxd5 20. Bxd4 Nxd4 21. Rfe1 Nc2 22. Rec1 Nxa1 23. Rxa1 a5 24. bxa5 Rxa5 25. Nc4 Rc5 26. a4 e4 27. Ra2 exd3 28. exd3 Rd8 29. Ra3 b6 30. Kg2 Kf7 31. Kf3 g5 32. Kg2 Rcd5 33. Nb2 h5 34. Rc3 R8d7 35. Rc4 Rd4 36. Rc2 Rb4 37. Kf3 Re7 38. Kg2 Ke8 39. Kf3 Kd7 40. Rd2 Re1 41. a5 bxa5 42. Nc4 a4 43. Ne3 Rb5 44. Ra2 Ra5 45. Nc4 Ra6 46. Nb2 a3 47. Nc4 Rb1 48. Rxa3 Rxa3 49. Nxa3 Rb3 50. Nc2 Rxd3+ 51. Ke2 Rd6 52. Ke3 c5 53. f4 Ke6 54. fxg5 fxg5 55. Na3 Rb6 56. Nc4 Rb3+ 57. Kf2 Kd5 58. Nd2 Rb2 59. Ke3 Rxd2 60. Kxd2 Ke4 0-1

[Event "Arco op 43rd"]
[Site "Arco"]
[Date "2021.10.14"]
[Round "6"]
[White "Pedrazzi, Paolo"]
[Black "Steinschuld, Jo"]
[Result "1/2-1/2"]
[WhiteElo "1411"]
[BlackElo "1555"]
[PlyCount "47"]
[EventDate "2021.10.09"]
[EventType "swiss"]
[EventRounds "9"]
[EventCountry "ITA"]
[SourceTitle "CBM 204 Extra"]
[Source "ChessBase"]
[SourceDate "2021.11.30"]
[SourceVersion "1"]
[SourceVersionDate "2021.11.30"]
[SourceQuality "1"]

1. b3 e5 2. Bb2 Nc6 3. e3 Nf6 4. g3 d5 5. Bg2 Bd6 6. Ne2 0-0 7. h3 Be6 8. d3 Qd7 9. Nd2 Rfe8 10. c4 Bb4 11. a3 Be7 12. Nf3 Bd6 13. c5 Bxc5 14. Nxe5 Nxe5 15. Bxe5 Qe7 16. Nf4 c6 17. Nxe6 Qxe6 18. Bxf6 Qxf6 19. 0-0 Re6 20. d4 Bd6 21. b4 Rae8 22. h4 Qf5 23. Qb1 Qg4 24. Qd1 1/2-1/2